Reklama na internetu

Salvato in:
Dettagli Bibliografici
Autore principale: Stuchlík, Petr
Altri autori: Dvořáček, Martin
Natura: Libro
Lingua:ceco
Pubblicazione: Praha GRADA 2002
Serie:Manažer
Soggetti:
Tags: Aggiungi Tag
Nessun Tag, puoi essere il primo ad aggiungerne!!

MARC

LEADER 00000nam a2200000 4500
001 c132665
005 20240201122754.6
020 |a 80-247-0201-0 
041 0 |a cze 
044 |a CZ 
245 1 0 |a Reklama na internetu  |c Petr Stuchlík, Martin Dvořáček 
264 1 |a Praha  |b GRADA  |c 2002 
300 |a 226 s. 
490 1 |a Manažer 
830 0 |a Manažer 
610 2 0 |a stránky webové 
610 2 0 |a reklama 
610 2 0 |a internet 
610 2 0 |a používatelia 
610 2 0 |a nákup 
610 2 0 |a obchod elektronický 
610 2 0 |a marketing 
610 2 0 |a terminológia 
610 2 0 |a Česko 
610 2 0 |a mailing 
610 2 0 |a kampane reklamné 
610 2 0 |a objekty reklamy 
610 2 0 |a prostriedky reklamné 
610 2 0 |a psychológia reklamy 
610 2 0 |a tvorba reklamy 
610 2 0 |a techniky reklamné 
610 2 0 |a taktika reklamy 
100 1 |a Stuchlík, Petr 
700 1 |a Dvořáček, Martin